00995nam a22002895i 450000100060000000300090000600500170001500700030003200800410003502000180007604000220009408000400011608000320015608000320018808000250022010000260024524501520027125000120042326000480043530000210048349000340050450400200053860000470055860000330060583000340063885200330067211101ES-MaACL20251219203812.0t|940617s1993 sp ||||0| cat j a84-7826-472-8 aM-BN bspa cM-BN a849.9 Rosselló-Páorcel, B. 1.06 a849.9 Espriu, Salvador 1.06 a929 Rosselló-Páorcel, B a929 Espriu, Salvador1 aDelor i Muns, Rosa M.13aLa mort com a intercanvi simbáolic b: Bartomeu Rosselló-Porcel i Salvador Espriu, diáaleg intertextual (1934-1984) / cRosa M. Delor i Muns. a1ª ed. aBarcelona : bAbadia de Montserrat, c1993. a184 p ; c19 cm.1 aBiblioteca Serra d'or ; v127 aBibliografía.17aRosselló-Porcel, Bartomeu, d1913-1938214aEspriu, Salvador,d1913-19850 aBiblioteca Serra d'or ; v127 aES-MaACLjL-18383 bR.123418